| 000 | 00586nam a22001937a 4500 | ||
|---|---|---|---|
| 005 | 20251108172522.0 | ||
| 008 | 250721s1996 xx 000 0 ara d | ||
| 082 | 1 | 4 | _a345.07نجم |
| 100 | 1 | _aنجم، محمد صبحي | |
| 245 | 1 | 0 | _aقانون العقوبات القسم العام النظرية العامة للجريمة / |
| 250 | _aط3 | ||
| 264 | 1 |
_aعمان : _bمكتبة دار الثقافة للنشر، _c1996. |
|
| 300 | _a352ص | ||
| 650 | 1 | 7 | _aالقانون |
| 650 | 1 | 7 | _aالعقوبات |
| 650 | 1 | 7 | _aالجريمة |
| 942 |
_2ddc _cBK |
||
| 999 |
_c81444 _d81444 |
||